| 000 | 00575nam a22001577a 4500 | ||
|---|---|---|---|
| 003 | macl | ||
| 005 | 20191015131159.0 | ||
| 008 | 191015b xxu||||| |||| 00| 0 eng d | ||
| 040 | _cmacl | ||
| 082 | _a891.433/BAG/S | ||
| 100 |
_aबघेल ,अनिकेत सिंह _976959 |
||
| 245 | _aविलियम शेक्सपियर की सव्रश्रेष्ठ कहानियॉं | ||
| 260 |
_aगाजियाबाद _bक्रियेटिव बुक्स _c2018 |
||
| 650 |
_aकहानी _976960 |
||
| 942 |
_2ddc _cHIN |
||
| 999 |
_c61206 _d61206 |
||